Q. D. B. V. De Ivramento In Formvlam Concordiae

Bibliographic Details
Main Author: Wernsdorf, Gottlieb, 1668-1729 (Author)
Corporate Author: Gerdes, Christian - vdova (Wittenberg, Nemecko) (Printer)
Other Authors: Wolff, Johann Christian (Dissertant)
Format: Book
Language:Latin
PhysicalDescription:60 strán 21 cm
Published: Wittenbergae Literis Vidvae Gerdesiae 1736
Edition:Editio Secvnda
Subjects:

MARC

LEADER 00000nam a2200000 a 4500
001 vtls011749366
003 SK-MaSNL
005 20260301183018.0
008 251112s1736 gw 000 0 lat
015 |a SNBHFA1736 
040 |a SNKHF  |b slo  |c SNK  |e AACR2 
041 0 |a lat 
044 |a gw  |c DE 
072 7 |a 2  |x Náboženstvo  |2 konspekt 
080 |a 21/29-1/-9  |2 2011 
080 |a 2-1  |2 2011 
080 |a 378.245  |2 2001 
100 1 |a Wernsdorf, Gottlieb,  |d 1668-1729  |4 aut  |9 312736 
245 1 0 |a Q. D. B. V. De Ivramento In Formvlam Concordiae  |c Praeside Dn. Gottlieb Vvernsdorfio Theol. Doct. ; Dispvtavit Avctor M. Joh. Christianvs Wolff 
246 3 1 |a De Ivramento In Formvlam Concordiae 
250 |a Editio Secvnda 
260 |a Wittenbergae  |b Literis Vidvae Gerdesiae  |c 1736 
300 |a 60 strán  |c 21 cm 
500 |a Vineta, typografické linky, iniciálka s ornamentálnym pozadím na 8 riadkov, kustódy 
501 |a Príväzok 9. k: BUDDEUS, Johann Franz. Ioan. Francisci Bvddei Theol. D. Et P. P. Ord. Commentatio Theologica De Eo Qvod In Theologia Pvlchrvm Est Perillvstris. Ienae: Litteris Mvllerianis, [1715].  |5 SNK IC 143973 
546 |a Latinčina  |b Antikva  |b Kurzíva 
561 |a Z knižnice Učenej spoločnosti malohontskej.  |5 SNK IC 143973/prív.9 
650 0 7 |a teológia  |2 SNKPH  |9 1814 
650 0 7 |a dizertácie  |2 SNKPH  |9 4040 
700 1 |a Wolff, Johann Christian  |4 dis  |9 557696 
700 1 |a Sturm, Leonhard Christoph,  |d 1669-1719  |4 aqt  |9 373281 
710 2 |a Učená spoločnosť malohontská  |4 fmo  |9 205374 
710 0 |a Gerdes, Christian - vdova (Wittenberg, Nemecko)  |4 prt  |9 205388 
752 |a Nemecko  |d Wittenberg 
852 |a snk  |b Historické fondy  |p IC 143973/prív.9 
958 |a ONDV 
999 |c 855554  |d 857484 
952 |t MHC II.B.e.XXVII  |a SNK  |b SNK  |c SNK_HF  |y PREZ  |7 0  |p 17A1300121  |o snkIC 143973/prív.9  |i snk2018/7770  |8 5  |0 0  |1 0  |4 0  |d 2018-04-05  |f 2  |l 0  |r 2026-02-24 04:55:16  |w 2026-02-24